| 000 | 00674cam a22002172 4500 | ||
|---|---|---|---|
| 001 | 0000002118 | ||
| 005 | 20151021151056.0 | ||
| 008 | 070402s xx 000 0 eng d | ||
| 020 |
_a9966776036 : _cKES 250 |
||
| 040 |
_aKABU _cKABU |
||
| 050 | 0 |
_aZA3060 _b.A26 |
|
| 100 | 1 |
_aAbonyo, Jayne. _@0000159639 |
|
| 245 | 1 | 2 | _aA Guide to information searching for students and full time researchers. |
| 260 |
_aNairobi : _bDowntown, _c2006. |
||
| 300 | _a35 p. | ||
| 650 | 0 |
_aInformation sources. _@0000159640 |
|
| 908 | _a070402 | ||
| 950 | _@1 | ||
| 999 |
_c389 _d389 |
||